Mastering serial communications
A full description of serial communications with special emphasis on the IBM PC. Includes LAN and Windows as well as DOS. Includes programming examples in C, Basic, and Assembler.
Uloženo v:
| Hlavní autor: | |
|---|---|
| Médium: | Kniha |
| Jazyk: | Undetermined |
| Vydáno: |
Berkeley
SYBEX
1986
|
| Témata: | |
| Tagy: |
Přidat tag
Žádné tagy, Buďte první, kdo otaguje tento záznam!
|
| Thư viện lưu trữ: | Trung tâm Học liệu Trường Đại học Cần Thơ |
|---|
| LEADER | 00715nam a2200205Ia 4500 | ||
|---|---|---|---|
| 001 | CTU_219431 | ||
| 008 | 210402s9999 xx 000 0 und d | ||
| 020 | |c 4.63 | ||
| 082 | |a 004.616 | ||
| 082 | |b G612 | ||
| 100 | |a Gofton, Peter W. | ||
| 245 | 0 | |a Mastering serial communications | |
| 245 | 0 | |c Peter W. Gofton | |
| 260 | |a Berkeley | ||
| 260 | |b SYBEX | ||
| 260 | |c 1986 | ||
| 520 | |a A full description of serial communications with special emphasis on the IBM PC. Includes LAN and Windows as well as DOS. Includes programming examples in C, Basic, and Assembler. | ||
| 650 | |a Digital communications,Truyền thông số | ||
| 904 | |i Hải | ||
| 980 | |a Trung tâm Học liệu Trường Đại học Cần Thơ | ||